Dictionary of Cults, Sects, Religions and the Occult (Record no. 13341)

MARC details
000 -LEADER
fixed length control field 00612nam a2200229 a 4500
020 ## - INTERNATIONAL STANDARD BOOK NUMBER
ISBN 0310004
082 00 - DEWEY DECIMAL CLASSIFICATION NUMBER
Classification number 291.9
Author Cutter MAT
100 ## - MAIN ENTRY--AUTHOR NAME
Author name Mather, George A
245 ## - TITLE STATEMENT
Title Dictionary of Cults, Sects, Religions and the Occult
260 ## - PUBLICATION, DISTRIBUTION, ETC. (IMPRINT)
Place of publication Michigan
Name of publisher Zondervan Publishing House
Year of publication 1993
300 ## - PHYSICAL DESCRIPTION
Number of Pages 384p
500 ## - GENERAL NOTE
General note includes index and biblioraphy
505 2# - FORMATTED CONTENTS NOTE
Formatted contents note bibliography
650 ## - SUBJECT ADDED ENTRY--TOPICAL TERM
Topical Term Comparative Religion-Cults
942 ## - ADDED ENTRY ELEMENTS (KOHA)
Koha item type Books
Holdings
Collection code Home library Current library Date acquired Cost, normal purchase price Full call number Accession Number Koha item type
  Henry Martyn Institute Library Henry Martyn Institute Library 07/20/2007 552.00 291.9 MAT 019286 Books
                   Copyright © 2026 | Henry Martyn Institute | Hyderabad | TS-500052 | INDIA | Implemented by hmi.edu.in
Hit-Count:

Powered by Koha